Statistics for Euro 2020 Group D - Croatia - Czech Republic

Click here to take the quiz!

General Stats

  • This quiz has been taken 44 times
  • The average score is 17 of 33

Answer Stats

Player% Correct
Luka Modrić
100%
Domagoj Vida
87%
Ivan Perišić ¹
84%
Dejan Lovren
82%
Andrej Kramarić
79%
Mateo Kovačić
76%
Patrik Schick ¹
76%
Dominik Livaković
74%
Marcelo Brozović
74%
Šime Vrsaljko
74%
Ante Rebić
71%
Joško Gvardiol
61%
Tomáš Souček
61%
Vladimír Coufal
58%
Bruno Petković
55%
Zlatko Dalić
55%
Nikola Vlašić
47%
Tomáš Vaclík
47%
Josip Brekalo
37%
Adam Hložek
34%
Jakub Jankto
34%
Luka Ivanušec
29%
Tomáš Holeš
29%
Vladimír Darida
29%
Alex Král
26%
Jan Bořil
26%
Ondřej Čelůstka
26%
Tomáš Kalas
26%
Antonín Barák
24%
Lukáš Masopust
24%
Jaroslav Šilhavý
21%
Michael Krmenčík
16%
Petr Ševčík
16%

Score Distribution

Percentile by Number Answered

Percent of People with Each Score

Your Score History

You have not taken this quiz